00885cam a2200289 a 45000010009000000050017000090080041000260100017000670200025000840200022001090200025001310200022001560200039001780200036002170400013002530410008002660800010002740820010002841000007002941010008003012450044003095040053003539060045004069420012004519990017004639520115004801585659120180813080821.0090806s2011 nyua b 001 0 eng  a 2009934370 a9781429216357 (hard) a1429216352 (hard) a9781429238267 (pbk.) a1429238267 (pbk.) a9781429238281 (NASTAspec. version) a1429238283 (NASTAspec. version) aDLCcDLC aeng a159.9 2159.91 a49 aPSI10aExploring psychology /cDavid G. Myers. aIncludes bibliographical references and indexes. a7bcbccorignewd3eepcnf20gy-gencatlg 2ddccBK c47054d47054 00102lcc40708PËKGa002b002cPËKGd2018-08-13l0o159.9 MYRp002-3010924r2018-08-13w2018-08-13yBK